Statistics for Biggest Cities in Jordan on the Map

Click here to take the quiz!

General Stats

  • This quiz has been taken 127 times
  • The average score is 8 of 20

Answers on the Map

Answers color-coded by a green-red scale on the quiz's map according to % correct below.
 

Answer Stats

PopCity% Correct
4.06 mAmman
100%
171 kAqaba
70%
735 kZarqa
58%
582 kIrbid
57%
122 kMadaba
40%
115 kAs-Salt
39%
47.6 kMa'an
39%
58.7 kJerash
37%
547 kRusseifa
37%
122 kMafraq
35%
180 kAr-Ramtha
33%
51.8 kAl-Hashimiyah
31%
69.7 kAin Al-Basha
30%
40.6 kAl-Husn
30%
67.8 kAydoun
30%
47.3 kBeit Ras
30%
58.9 kAd-Dhlail
29%
110 kAl-Jizah
29%
53.2 kAs-Sarih
29%
196 kSahab
27%

Score Distribution

Percentile by Number Answered

Percent of People with Each Score

Your Score History

You have not taken this quiz